Countries that voted support Russian Black Sea presence at least once - Statistics

General Stats
  • This quiz has been taken 41 times
  • The average score is 15 of 25
Answer Stats
Hint Answer % Correct
6 China
96%
10 Iran
91%
7 Cuba
87%
16 North Korea
87%
2 Belarus
83%
24 Venezuela
78%
14 Myanmar
74%
12 Laos
70%
5 Cambodia
65%
22 Syria
65%
1 Armenia
61%
11 Kyrgyzstan
61%
23 Uzbekistan
61%
19 Serbia
57%
4 Burundi
48%
8 Eritrea
48%
18 Russia
48%
21 Sudan
48%
25 Zimbabwe
48%
3 Bolivia
43%
9 Ethiopia
43%
15 Nicaragua
43%
20 South Sudan
43%
13 Mali
35%
17 Now opposes Philippines
17%
No matching quizzes found
Score Distribution
Percent of People with Each Score
Percentile by Number Answered
Your Score History
You have not taken this quiz